Eastern Utah Libraries Catalog: Duchesne, Heber, Roosevelt, & Vernal

The little ghost who lost her boo! / (Record no. 354314)

MARC details
000 -LEADER
fixed length control field 01642cam a2200385 i 4500
001 - CONTROL NUMBER
control field BK0026114347
003 - CONTROL NUMBER IDENTIFIER
control field DLC
005 - DATE AND TIME OF LATEST TRANSACTION
control field 20201203170120.0
008 - FIXED-LENGTH DATA ELEMENTS--GENERAL INFORMATION
fixed length control field 200131r20202019nyua a 000 1 eng
010 ## - LIBRARY OF CONGRESS CONTROL NUMBER
LC control number 2020004367
020 ## - INTERNATIONAL STANDARD BOOK NUMBER
International Standard Book Number 9780593202159 : SAL
Terms of availability 17.99
020 ## - INTERNATIONAL STANDARD BOOK NUMBER
International Standard Book Number 0593202155 : SAL
Terms of availability 17.99
Qualifying information (hardcover)
Cancelled/invalid ISBN 9780593202173
Qualifying information (ebook)
037 ## - SOURCE OF ACQUISITION
Source of stock number/acquisition Penguin Group USA, Order Processing Dept 120 Woodbine st, Bergenfield, NJ, USA, 07621
Note SAN 201-3975
040 ## - CATALOGING SOURCE
Original cataloging agency DLC
Language of cataloging eng
Description conventions rda
Transcribing agency DLC
Modifying agency IMmBT
-- NjBwBT
050 00 - LIBRARY OF CONGRESS CALL NUMBER
Classification number PZ8.3.B4707
Item number Lit 2020
082 00 - DEWEY DECIMAL CLASSIFICATION NUMBER
Classification number [E]
Edition number 23
092 ## - LOCALLY ASSIGNED DEWEY CALL NUMBER (OCLC)
Classification number E
100 1# - MAIN ENTRY--PERSONAL NAME
Personal name Bickell, Elaine,
Relator term author.
9 (RLIN) 6378697
245 14 - TITLE STATEMENT
Title The little ghost who lost her boo! /
Statement of responsibility, etc words by Elaine Bickell ; illustrations by Raymond McGrath.
264 #1 - Production, Publication, Distribution, Manufacture, and Copyright Notice.
Place of production, publication, distribution, manufacture New York :
Name of producer, publisher, distributor, manufacturer Philomel,
Date of production, publication, distribution, manufacture, or copyr 2020.
300 ## - PHYSICAL DESCRIPTION
Extent 1 volume (unpaged) :
Other physical details illustrations (chiefly color) ;
Dimensions 28 cm
336 ## - Content Type
Content type term text
336 ## - Content Type
Content type term still image
337 ## - Media type
Media type term unmediated
338 ## - Carrier type
Carrier type term volume
500 ## - GENERAL NOTE
General note "First published in New Zealand by Scholastic New Zealand, 2019"--Title page verso.
521 ## - TARGET AUDIENCE NOTE
Target audience note Ages 4-8.
Source Philomel Books.
521 ## - TARGET AUDIENCE NOTE
Target audience note Grades K-1.
Source Philomel Books.
520 ## - SUMMARY, ETC.
Summary, etc As Little Ghost searches the night for her lost "boo," her animal friends offer to lend their sounds but she will need the reader's help to find her special sound.
650 #1 - SUBJECT ADDED ENTRY--TOPICAL TERM
Topical term or geographic name as entry element Stories in rhyme.
9 (RLIN) 6388838
650 #1 - SUBJECT ADDED ENTRY--TOPICAL TERM
Topical term or geographic name as entry element Ghosts
Form subdivision Fiction.
9 (RLIN) 102562
650 #1 - SUBJECT ADDED ENTRY--TOPICAL TERM
Topical term or geographic name as entry element Animal sounds
Form subdivision Fiction.
9 (RLIN) 5685511
650 #1 - SUBJECT ADDED ENTRY--TOPICAL TERM
Topical term or geographic name as entry element Lost and found possessions
Form subdivision Fiction.
9 (RLIN) 5679264
700 1# - ADDED ENTRY--PERSONAL NAME
Personal name McGrath, Raymond,
Relator term illustrator.
9 (RLIN) 6378699
Holdings
Withdrawn status Lost status Source of classification or shelving scheme Damaged status Not for loan Collection code Home library Current library Shelving location Date acquired Source of acquisition Total Checkouts Total Renewals Full call number Barcode Date last seen Date checked out Cost, replacement price Price effective from Koha item type
    Dewey Decimal Classification     Children Holiday Books Wasatch County Library Wasatch County Library Main Floor Childrens Area 11/03/2020 Micromarketing 25 19 E Halloween Bickell 34301001662792 11/04/2025 10/03/2025 17.99 11/03/2020 BOOK
This project was made possible through a grant from the Institute of Museum and Library Service administered by the Utah State Library Division.

Wasatch County Library

  • 465 East 1200 South, Heber City, Utah 84032
  • Phone 435-654-1511 | Fax 435-654-6456

Hours

  • Monday - Friday 9:30 AM - 8:00 PM
  • Saturday 9:30 AM - 1:30 PM
  • Closed Sundays and Holidays